| 000 | 00891nam a22002297a 4500 | ||
|---|---|---|---|
| 003 | AUA.1 | ||
| 005 | 20150226125834.0 | ||
| 008 | 120111t xxu||||| |||| 00| 0 eng d | ||
| 010 | _a83-2056 | ||
| 020 | _a9780300139839 | ||
| 040 | _cJTL | ||
| 050 |
_aBS 2341.2 _b.A53 2005 |
||
| 100 |
_aFurnish, Victor Paul _918641 |
||
| 245 |
_aThe anchor Bible : _bII Corinthians / _c Victor Paul Furnish. |
||
| 260 |
_aNew Haven _aLondon _aDoubleday _bYale University Press, _c2005 |
||
| 300 |
_axxii, 619 p. : _c23 cm. |
||
| 440 |
_aThe anchor Bible : _nvol. 32a. _948515 |
||
| 504 | _a Includes Indexes. | ||
| 650 |
_aThe anchor Bible : _vII Corinthians _918642 |
||
| 942 |
_2lcc _cREF _hBS 2341.2 _i.A53 2005 |
||
| 999 |
_c5407 _d5407 |
||